| 000 | 00856nam a2200253 a 4500 | ||
|---|---|---|---|
| 001 | 000023211 | ||
| 005 | 20200930022049.0 | ||
| 008 | 101130s1978 sp 000 | spa d | ||
| 020 | _a8474230519 | ||
| 040 |
_aDO-SdBNP _bspa _cBNPHU |
||
| 082 |
_a335.434 _bC737h |
||
| 245 | 0 | 3 |
_aEl compromiso histórico / _cAntonio Gramsci ... [et al.] ; selección de textos y prólogo de Luciano Gruppi ; traducción de Esther Benítez. |
| 260 |
_aBarcelona : _bCrítica, _c1978. |
||
| 300 |
_a348 p. ; _c20 cm. |
||
| 490 | 1 |
_aCrítica; _v29 |
|
| 650 | 4 |
_aComunismo _xItalia _947784 |
|
| 650 | 4 |
_aComunismo _xHistoria _94265 |
|
| 700 | 1 |
_aTogliatti, Palmiro _947785 |
|
| 700 | 1 |
_aLongo, Luigi _947786 |
|
| 700 | 1 |
_aBerlinguer, Enrico _947787 |
|
| 700 | 1 |
_aGruppi, Luciano, _epról. _947788 |
|
| 700 | 1 |
_aBenítez, Esther, _etr. _913796 |
|
| 830 | 0 |
_aCrítica; _n29 _947789 |
|
| 999 |
_c22708 _d22708 |
||